Elon Musk (Record no. 370406)

MARC details
000 -LEADER
fixed length control field 00424nam a2200169 4500
005 - DATE AND TIME OF LATEST TRANSACTION
control field 20260309105033.0
008 - FIXED-LENGTH DATA ELEMENTS--GENERAL INFORMATION
fixed length control field 260211b |||||||| |||| 00| 0 eng d
020 ## - INTERNATIONAL STANDARD BOOK NUMBER
International Standard Book Number 978-1-3985-2749-2
041 ## - LANGUAGE CODE
Language code of text/sound track or separate title English
082 ## - DEWEY DECIMAL CLASSIFICATION NUMBER
Classification number X 920 ISA B12206
Item number B12206
100 ## - MAIN ENTRY--PERSONAL NAME
Author Isaacson, Walter
245 ## - TITLE STATEMENT
Title Elon Musk
260 ## - PUBLICATION, DISTRIBUTION, ETC.
Place of publication, distribution, etc. New Delhi
Name of publisher, distributor, etc. Simon and Schuster
Date of publication, distribution, etc. 2023
300 ## - PHYSICAL DESCRIPTION
Extent xi,670p
Other physical details HB
365 ## - TRADE PRICE
Price type code Rupaye
Price amount 635
942 ## - ADDED ENTRY ELEMENTS (KOHA)
Koha item type Books
Holdings
Withdrawn status Lost status Source of classification or shelving scheme Damaged status Not for loan Home library Current library Date acquired Vendor Net Price Bill number Total Checkouts Full call number Barcode Date last seen Actual Price Bill Date Koha item type Original Barcode
    Dewey Decimal Classification     Smt. Bakul Tambat Institute of Nursing Education Smt. Bakul Tambat Institute of Nursing Education 06/02/2026 Amazon 171-3807685-1696320 635.00 IN-661   X 920 ISA B12206 BTIN-BK-12206 11/02/2026 635.00 31/01/2026 Books BTIN-BK-12206